00720nam a22002057a 450000500170000001000150001702000260003203500140005803700130007208200110008510000200009624500950011625000060021126000450021727000800026230000330034250000800037570000340045570000250048920240124150525.0 aENG-138992 a9789355322463c370.00 aEN-122524 bDBAD/PUB a51022 aPandey, Deepak  aCTET/TET:bMathematics and Pedagogy/cBy Deepak Pandey ;Ravi Kant Aggarwal and Om Prakash a2 aTamil NadubMcGraw Hill Education c2022 aAnjana Complex No. 5/90 A, Butt Road, St. Thomas MountbTamil Nadue600016 avarious pagings :c24cm(pbk) aSubject- Wise Comprehensive Series Based on the Latest Examination Pattern  aAggarwal , Ravi Kant eAuthor aPrakash, Om eAuthor